LEADER 01041nam a2200265 u 4500 001 000000058273 003 CaOOAMICUS 005 20070226120656.0 008 010530s1981 enk u000 u eng u 020 $a0853621888 035 $a10890936 040 $aPUL(R)$bita 245 04$aThe sciences and theology in the twentieth century /$cedited by A.R. Peacocke. 260 $aStocksfield :$bOriel Press,$cc1981. 300 $a309 p. ;$c22 cm 500 $aContributi di vari autori. 650 4$aTeologia e scienza.$0(OLS)http://pul/subject/21827 700 1 $aPeacocke, Arthur R.$0(OLS)http://pul/name/40512 850 $aPUL 852 $aPUL$W1$xSL Religione 1$y3$m58 C 41$j76135$n $b $qStampati$B76135$CPULBib$Z2$F76135 $H $81 941 1 $a8 961 $aINV: 51236 996 $6020$a0853621888$9(OLS)http://pul/number/73817 996 $6245$aThe sciences and theology in the twentieth century$9(OLS)http://pul/title/78045 996 $6260$aStocksfield :$bOriel Press$9(OLS)http://pul/publisher/69623 LEADER 01309nam a2200313 a 4500 001 000000162375 003 CaOOAMICUS 005 20170905124330.0 008 170905s2016 it u000 u ita r 020 $a978-88-04-66892-3* 032 $aLibriCat 040 $aPUL$bita 082 04$a364 100 1 $aGratteri, Nicola.$0(OLS)http://pul/name/104141 245 10$aPadrini e padroni :$bcome la 'ndrangheta è diventata classe dirigente /$cNicola Gratteri, Antonio Nicaso. 260 $aMilano :$bMondadori,$c©2016. 300 $a207 p. ;$c21 cm. 490 1 $aStrade blu. Nonfiction 650 4$aMafia.$0(OLS)http://pul/subject/12684 700 1 $aNicaso, Antonio.$0(OLS)http://pul/name/104143 830 0$aStrade blu.$pNonfiction.$0(OLS)http://pul/title/166345 850 $aPUL 852 $aPUL$W1$xDP2 Diritto e Scienze Sociali 3$y110$m364 GRANI 1$j186364$qDDC 21$B189590$CPULBib$Z2$F189590 $H130076 $81 941 1 $a9 996 $6020$a978-88-04-66892-3*$9(OLS)http://pul/number/163082 996 $6082$a364$9(OLS)http://pul/classification/2136 996 $6245$aPadrini e padroni :$bcome la 'ndrangheta è diventata classe dirigente$9(OLS)http://pul/title/202133 996 $6260$aMilano :$bMondadori$9(OLS)http://pul/publisher/50297